00483 a2200145 4500010001400000020001100014035001300025037001800038082001200056100002800068245008000096260004400176270009200220300002500312 aENG-85498 c255.00 aEN-69031 bD.B.Act / Pub14a346.0771 aKabra, Mahesh Shriniwas1 aDebts recovery tribunal guide to bank & borrowercby Mahesh Shriniwas Kabra aAhmed NagarbMaheshwari Prakashanc2006 a3458, Khist Galli, NR. KaranjabAhmednagare414 001k9371505083mmskabra@reddifmail.com a305 p.c23 cm (Pbk.)